Statystyki dla Rozpoznaj zagraniczną piosenkę po polsku #7

Kliknij tutaj aby rozwiązać quiz!

Ogólne statystyki

  • Ten quiz został rozwiązany 138 razy
  • Średni wynik to 8 z 16

Statystyki odpowiedzi

Tekst przetłumaczony na polski (Google tłumacz) part 7ArtystaTytuł utworu% Poprawnych
Zabierz mnie do kościoła Będę czcił jak pies w sanktuarium twoich kłamstw. Powiem ci moje grzechy i możesz naostrzyć swój nóż Zaoferuj mi tę nieśmiertelną śmierć Dobry Boże, pozwól mi oddać ci moje życie.TytułTake Me To Church
91%
| Hozier - Take Me To ChurchArtystaHozier
71%
| Bruno Mars - GrenadeArtystaBruno Mars
54%
Złapałbym dla ciebie granat (tak tak tak) Rzuć moją głowę na ostrze dla ciebie (tak, tak) Wskoczyłbym przed pociąg dla ciebie (tak , tak) Wiesz, że zrobiłbym dla ciebie wszystko (tak, tak) Och, och, ochTytułGrenade
54%
A ja nawet nie potrzebuję twojej miłości Ale ty traktujesz mnie jak obcego i to jest takie szorstkie. Nie, nie musiałeś schylać się tak nisko. Teraz jesteś tylko kimś, kogo kiedyś znałem. Teraz jesteś tylko kimś, kogo kiedyś znałem.TytułSomebody That I Used To Know
52%
Mamo, zdejmij ze mnie tę odznakę. Nie mogę już tego używać. Robi się ciemno, zbyt ciemno, by zobaczyć... Czuję, że pukam do drzwi nieba. Pukanie, pukanie, pukanie do drzwi niebaTytułKnockin' On Heaven's Door
50%
| Shakira ft. Rihanna - Can't Remember to Forget YouArtystaShakira ft. Rihanna
50%
Nie pamiętam, żeby cię zapomnieć Ciągle zapominam, że powinienem pozwolić ci odejść Ale kiedy na mnie patrzysz Jedyne wspomnienie to to, że całujemy się w świetle księżyca Nie pamiętam, żeby cię zapomniećTytułCan't Remember to Forget You
48%
| Knockin' On Heaven's Door - Bob Dylan(Orginal) / Guns N’ Roses / Eric Clapton / Avril Lavigne / RAIGN Wszystkie odpowiedzi działałyArtystaBob Dylan
47%
Wychodzimy razem, Ale nadal jest to pożegnanie A może wrócimy Na ziemię, kto to może powiedzieć? Opuszczamy teren. Czy kiedykolwiek znów będzie tak samo? To ostatnie odliczanie Ostateczne odliczanieTytułFinal Countdown
45%
| Gotye - Somebody That I Used To KnowArtystaGotye
44%
| Europe - Final CountdownArtystaEurope
40%
| Calvin Harris ft. Rihanna - This Is What You Came ForArtystaCalvin Harris ft. Rihanna
36%
Kochanie, to jest to, po co przyszedłeś Piorun uderza za każdym razem, gdy się porusza I wszyscy ją obserwują. Ale ona patrzy na ciebie, oh, oh Ty, oh, oh, ty, oh, oh Ty, oh, oh, ty, oh, ohTytułThis Is What You Came For
32%
Jeśli oszaleję, to nadal będziesz mnie nazywał Supermanem? Jeśli żyję i mam się dobrze, czy będziesz tam i trzymał mnie za rękę? Będę cię trzymał przy sobie z moją nadludzką potęgą. KryptonitTytułKryptonite
29%
| 3 Doors Down - KryptoniteArtysta3 Doors Down
13%

Rozkład punktacji

Percentyl według liczby udzielonych odpowiedzi

Procent ludzi z każdym wynikiem

Twoja historia wyników

Nie rozwiązałeś tego quizu